Imaging Processes and Materials (Record no. 559873)
[ view plain ]
| 000 -LEADER | |
|---|---|
| fixed length control field | 00322nam a2200121Ia 4500 |
| 008 - FIXED-LENGTH DATA ELEMENTS--GENERAL INFORMATION | |
| fixed length control field | 210428s9999 xx 000 0 und d |
| 082 ## - DEWEY DECIMAL CLASSIFICATION NUMBER | |
| Classification number | 621.367 I312 I |
| 100 ## - MAIN ENTRY--PERSONAL NAME | |
| Personal name | John M Sturge |
| 9 (RLIN) | 52117 |
| 245 #0 - TITLE STATEMENT | |
| Title | Imaging Processes and Materials |
| 260 ## - PUBLICATION, DISTRIBUTION, ETC. | |
| Name of publisher, distributor, etc. | Van Nostrand Reingold |
| Place of publication, distribution, etc. | New York |
| Date of publication, distribution, etc. | 1989 |
| 300 ## - PHYSICAL DESCRIPTION | |
| Extent | 712p. |
| 942 ## - ADDED ENTRY ELEMENTS (KOHA) | |
| Koha item type | Book |
| Withdrawn status | Lost status | Damaged status | Not for loan | Permanent Location | Current Location | Date acquired | Total Checkouts | Full call number | Barcode | Date last seen | Date last checked out | Price effective from | Koha item type |
|---|---|---|---|---|---|---|---|---|---|---|---|---|---|
| School of Chemical & Materials Engineering (SCME) | School of Chemical & Materials Engineering (SCME) | 12/11/7 | 1 | 621.367 I312 I | SCME-11 | 12/15/2022 | 12/15/2022 | 04/28/2021 | Book |
